UBT Library

August 1914 (Record no. 41594)

000 -LEADER
fixed length control field 00645cam a2200241 4500
001 - CONTROL NUMBER
control field 4159674
005 - DATE AND TIME OF LATEST TRANSACTION
control field 20180202042511.0
008 - FIXED-LENGTH DATA ELEMENTS--GENERAL INFORMATION
fixed length control field 720925m19729999nyu 000 1 eng
010 ## - LIBRARY OF CONGRESS CONTROL NUMBER
LC control number 78178883
020 ## - INTERNATIONAL STANDARD BOOK NUMBER
International Standard Book Number 0374106843
040 ## - CATALOGING SOURCE
Original cataloging agency DLC
Transcribing agency DLC
Modifying agency DLC
-- OCoLC
-- DLC
041 1# - LANGUAGE CODE
Language code of text/sound track or separate title eng
043 ## - GEOGRAPHIC AREA CODE
Geographic area code e-pl---
080 ## - UNIVERSAL DECIMAL CLASSIFICATION NUMBER
Universal Decimal Classification number 891.7344
082 00 - DEWEY DECIMAL CLASSIFICATION NUMBER
Classification number 891.7344 SOL
100 1# - Rafti
Rafti 16
101 ## - Shkurtesa
Shkurtesa HIS
240 10 - UNIFORM TITLE
Uniform title <a href="Avgust chetyrnadt︠s︡atogo.">Avgust chetyrnadt︠s︡atogo.</a>
Language of a work English
245 10 - TITLE STATEMENT
Title August 1914
Statement of responsibility, etc [by] Alexander Solzhenitsyn. Translated by Michael Glenny.
350 ## - PRICE (NR) (BK AM CF MU VM SE) [OBSOLETE]
Price $10.00
906 ## - LOCAL DATA ELEMENT F, LDF (RLIN)
a 7
b cbc
c orignew
d 2
e ncip
f 19
g y-gencatlg
942 ## - ADDED ENTRY ELEMENTS (KOHA)
Source of classification or shelving scheme
Item type Books
Holdings
Withdrawn status Lost status Source of classification or shelving scheme Damaged status Not for loan Collection code Permanent location Current location Shelving location Date acquired Total Checkouts Full call number Barcode Date last seen Price effective from Koha item type
          Koleksioni i përgjithshem UBT - Lipjan UBT - Lipjan Koleksioni i përgjithshem 02/02/2018   891.7344 SOL 002-2997618 02/02/2018 02/02/2018 Books
UBT Library © 2015-2024. All rights reserved University Education for Business and Technology